00450nam a2200193Ia 4500008004100000041001200041082000800053082001100061100002000072100001100092245003200103250001200135260001300147260002400160260000900184300001500193365002500208650002300233150901s9999 xx 000 0 und d aEnglish a541 bFRI/NU aFriedlander G  eAuthor aNuclear and radio chemistry a3rd Ed. aNew York bJohn Wiley and Sons c1981 a684 Pages aUSD.12.00  aPhysical chemistry